Farquharson's textbook of operative surgery / (Record no. 10086)
[ view plain ]
| 000 -LEADER | |
|---|---|
| fixed length control field | 00678nam a22002172 4500 |
| 001 - CONTROL NUMBER | |
| control field | 0000023964 |
| 005 - DATE AND TIME OF LATEST TRANSACTION | |
| control field | 20151217152253.0 |
| 008 - FIXED-LENGTH DATA ELEMENTS--GENERAL INFORMATION | |
| fixed length control field | 130423s xx 000 0 eng d |
| 020 ## - INTERNATIONAL STANDARD BOOK NUMBER | |
| International Standard Book Number | 0443021740 : |
| 040 ## - CATALOGING SOURCE | |
| Original cataloging agency | KABU |
| Transcribing agency | KABU |
| 245 10 - TITLE STATEMENT | |
| Title | Farquharson's textbook of operative surgery / |
| Statement of responsibility, etc. | edited by R. F. Rintoul. |
| 250 ## - EDITION STATEMENT | |
| Edition statement | 6th ed. |
| 260 ## - PUBLICATION, DISTRIBUTION, ETC. (IMPRINT) | |
| Place of publication, distribution, etc. | Edinburgh : |
| Name of publisher, distributor, etc. | Churchill Livingstone, |
| Date of publication, distribution, etc. | 1978. |
| 300 ## - PHYSICAL DESCRIPTION | |
| Extent | viii, 963 p. |
| 650 #0 - SUBJECT ADDED ENTRY--TOPICAL TERM | |
| Topical term or geographic name as entry element | Surgery, Operative. |
| -- | 0000183274 |
| 650 #0 - SUBJECT ADDED ENTRY--TOPICAL TERM | |
| Topical term or geographic name as entry element | Surgical procedures, Operative. |
| -- | 0000183799 |
| 700 1# - ADDED ENTRY--PERSONAL NAME | |
| Personal name | Rintoul, R. F. |
| -- | 0000183800 |
| 852 1# - LOCATION | |
| -- | p500 KES |
| 908 ## - PUT COMMAND PARAMETER (RLIN) | |
| Put command parameter | 130423 |
| 950 ## - LOCAL HOLDINGS (RLIN) | |
| -- | 1 |
| Withdrawn status | Lost status | Source of classification or shelving scheme | Not for loan | Home library | Current library | Date acquired | Total Checkouts | Full call number | Barcode | Date last seen | Date last checked out | Price effective from | Koha item type |
|---|---|---|---|---|---|---|---|---|---|---|---|---|---|
| Library of Congress Classification | Kabarak, Main Campus | Kabarak, Main Campus | 17/12/2015 | 1 | RD32 F37 1978 c. 1 | 015113 | 22/11/2018 | 21/11/2018 | 17/12/2015 | General Collection |